<?xml version="1.0" encoding="UTF-8"?><?xml-stylesheet type="text/xsl" href="static/style.xsl"?><OAI-PMH xmlns="http://www.openarchives.org/OAI/2.0/" xmlns:xsi="http://www.w3.org/2001/XMLSchema-instance" xsi:schemaLocation="http://www.openarchives.org/OAI/2.0/ http://www.openarchives.org/OAI/2.0/OAI-PMH.xsd"><responseDate>2026-04-14T18:10:48Z</responseDate><request verb="GetRecord" identifier="oai:uvadoc.uva.es:10324/36032" metadataPrefix="marc">https://uvadoc.uva.es/oai/request</request><GetRecord><record><header><identifier>oai:uvadoc.uva.es:10324/36032</identifier><datestamp>2021-06-29T23:40:20Z</datestamp><setSpec>com_10324_38</setSpec><setSpec>col_10324_852</setSpec></header><metadata><record xmlns="http://www.loc.gov/MARC21/slim" xmlns:doc="http://www.lyncode.com/xoai" xmlns:xsi="http://www.w3.org/2001/XMLSchema-instance" xmlns:dcterms="http://purl.org/dc/terms/" xsi:schemaLocation="http://www.loc.gov/MARC21/slim http://www.loc.gov/standards/marcxml/schema/MARC21slim.xsd">
<leader>00925njm 22002777a 4500</leader>
<datafield tag="042" ind1=" " ind2=" ">
<subfield code="a">dc</subfield>
</datafield>
<datafield tag="720" ind1=" " ind2=" ">
<subfield code="a">García Martínez, Silvia</subfield>
<subfield code="e">author</subfield>
</datafield>
<datafield tag="260" ind1=" " ind2=" ">
<subfield code="c">2019</subfield>
</datafield>
<datafield tag="520" ind1=" " ind2=" ">
<subfield code="a">Este trabajo fin de grado estudia la historia de las burbujas financieras. En un primer lugar definiré que es este fenómeno, por qué se da y las fases por las cuales pasa. Posteriormente desarrollaré el tema hablando de las principales burbujas que se han producido en la historia económica, profundizando en las más actuales y viendo cuales son los atributos que se dan en la formación de este fenómeno económico. Por ultimo hablaré de cómo invertir racionalmente, que instituciones intentan evitar el riesgo sistémico y qué nos depara el futuro junto con unas conclusiones que engloban el recorrido de este trabajo</subfield>
</datafield>
<datafield tag="520" ind1=" " ind2=" ">
<subfield code="a">In this final proyect studies the history of financial bubbles. In a first place I will&#xd;
define what is this phenomenon, why it is given and the phases through which it&#xd;
passes. Later I will develop the topic talking about the main bubbles that have&#xd;
occurred in economic history, deling into the most current and seeing what are&#xd;
the attributes that occur in the formation of this economic phenomenon. Finally,&#xd;
I will talk about how to invest rationally, which institutions try to avoid systemic&#xd;
risk and what the future holds, together with conclusions that encompass the&#xd;
course of this work.</subfield>
</datafield>
<datafield tag="024" ind2=" " ind1="8">
<subfield code="a">http://uvadoc.uva.es/handle/10324/36032</subfield>
</datafield>
<datafield ind1=" " ind2=" " tag="653">
<subfield code="a">Crisis económicas - Historia</subfield>
</datafield>
<datafield ind1=" " ind2=" " tag="653">
<subfield code="a">Moneda - Innovaciones tecnológicas</subfield>
</datafield>
<datafield tag="245" ind1="0" ind2="0">
<subfield code="a">Burbujas financieras modernas</subfield>
</datafield>
</record></metadata></record></GetRecord></OAI-PMH>